000 00786nam a2200253Ia 4500
003 OSt
005 20220923220844.0
006 a|||||r|||| 00| 0
007 ta
008 220922b |||||||| |||| 00| 0 hin d
024 _a191,395
037 _cTextual
040 _aARTS
_cARTS
_bhin
041 _2hin
_ahin
082 _aV2xN33, 152M3
100 _aभोले, अरूण
245 0 _aराजनीति मेरी प्रेयसी
246 _aRājanīti merī preyasī
260 _aनई दिल्ली
_b नेशनल पब्लि0 हा0
_c1983
300 _a188पृ.
_ccm.
650 _aविश्व-इतिहास
942 _hV2xN33, 152M3
_cTEXL
_2CC
999 _c344102
_d344102